000 02253cam a22004454a 4500
001 ocm70253474
003 TZ-ArACH
005 20230307122757.0
008 060922s2006 fr b i000 0 eng d
010 _a 2007373390
020 _a9287158673
020 _a9789287158673
035 _a(OCoLC)70253474
040 _aUU-L
_cTZ-ArACH
042 _alccopycat
043 _ae------
049 _aSZTA
050 0 0 _aKJC5186
_b.M38 2006
100 1 _aMathieu, Bertrand,
_cdocteur en droit.
245 1 4 _aRight to life in European constitutional and international case-law /
_cBertrand Mathieu.
246 1 1 _aDroit à la vie
246 3 4 _aRight to life
260 _aStrasbourg :
_bCouncil of Europe Pub.,
_cc2006.
300 _a124 p. ;
_c24 cm.
440 0 _aEuropeans and their rights
500 _a"April 2006"--T.p. verso.
500 _aAlso published in French under title: Le droit à la vie.
504 _aIncludes bibliographical references (p. 123).
505 0 0 _gIntroduction --
_gch. 1.
_tSituating the rights to life within the system of fundamental rights:
_gsection 1.
_tHow the principle is formulated in conventions and constitutions --
_gsection 2.
_tThe nature of the right to life --
_gch. 2.
_tThe scope of constitutional and international protection of the right to life:
_gsection 1.
_tThe question of the right to give life --
_gsection 2.
_tProtection of life before birth --
_gsection 3.
_tProtection of the life after birth --
_gch. 3.
_tConvergence and divergence in the protection of life in Europe:
_gsection 1.
_tBuilding a common body of European law --
_gsection 2.
_tControversial issues --
_gBibliography.
650 0 _aRight to life
_zEurope
_xCases.
650 0 _aHuman rights
_zEurope
_xCases.
650 1 7 _aRecht op leven.
_2gtt
650 1 7 _aRechtspraak.
_2gtt
650 1 7 _aEuropese Hof voor de Rechten van de Mens.
_2gtt
_94195
651 7 _aEU-landen.
_2gtt
710 2 _aCouncil of Europe.
776 0 8 _iOnline version:
_aMathieu, Bertrand, docteur en droit.
_tRight to life in European constitutional and international case-law.
_dStrasbourg : Council of Europe Pub., c2006
_w(OCoLC)607870448
856 4 1 _3Table of contents only
_uhttp://www.loc.gov/catdir/toc/fy0709/2007373390.html
942 _2lcc
_cBOOK
999 _c966
_d966